Objective PET : Student's book
Objective PET offers students complete preparation for the Cambridge Preliminary English Test. The course combines solid language development with systematic and thorough exam preparation and practice. The short units give a sense of progress and cover a wide variety of motivating topics relevant to...
Na minha lista:
| Autor principal: | |
|---|---|
| Formato: | Livro |
| Idioma: | Undetermined |
| Publicado em: |
Cambridge, UK
Cambridge University Press
2003
|
| Assuntos: | |
| Tags: |
Adicionar Tag
Sem tags, seja o primeiro a adicionar uma tag!
|
| Thư viện lưu trữ: | Trung tâm Học liệu Trường Đại học Cần Thơ |
|---|
| LEADER | 00871nam a2200217Ia 4500 | ||
|---|---|---|---|
| 001 | CTU_95360 | ||
| 008 | 210402s9999 xx 000 0 und d | ||
| 020 | |c 279000 | ||
| 082 | |a 428.0071 | ||
| 082 | |b H348s | ||
| 100 | |a Hashemi, Louise | ||
| 245 | 0 | |a Objective PET : | |
| 245 | 0 | |b Student's book | |
| 245 | 0 | |c Louise Hashemi, Barbara Thomas | |
| 260 | |a Cambridge, UK | ||
| 260 | |b Cambridge University Press | ||
| 260 | |c 2003 | ||
| 520 | |a Objective PET offers students complete preparation for the Cambridge Preliminary English Test. The course combines solid language development with systematic and thorough exam preparation and practice. The short units give a sense of progress and cover a wide variety of motivating topics relevant to the exam | ||
| 650 | |a English language | ||
| 904 | |i Năm | ||
| 980 | |a Trung tâm Học liệu Trường Đại học Cần Thơ | ||